| 000 | 01402cad a22002175a 4500 | ||
|---|---|---|---|
| 001 | L152206 | ||
| 008 | 110210s2010 xxk f 000 0 eng d | ||
| 020 | _a9781409826873 | ||
| 035 | _a(Sirsi) u152206 | ||
| 041 | 0 | _aeng | |
| 110 | 2 |
_aUnited Kingdom _bDepartment for Communities and Local Government _94939 |
|
| 245 | 0 | 4 |
_aThe scope of an MOT test for buildings _h[electronic resource] |
| 260 |
_aLondon _bDCLG _c2010 |
||
| 520 | _aThe Centre for Infrastructure Management (CIM) at Sheffield Hallam University was commissioned by the Department for Communities and Local Government (DCLG) to conduct a scoping study into the possible development of an MOT test for buildings. The overall aim was to determine if a test could be developed to ensure that the objectives of the Building Regulations were achieved and retained throughout the life of a building. A high calibre Stakeholders' Group, covering all building disciplines, was convened which strongly reflected industrial opinion in developing the MOT structure. RICS is represented in the Steering Group. | ||
| 590 | _aKA NTK | ||
| 651 | 4 |
_aUnited Kingdom _y |
|
| 690 |
_aBuilding regulations _96224 |
||
| 710 | 1 |
_aSheffield Hallam University _bCentre for Infrastructure Management _95913 |
|
| 856 | 4 | 0 |
_uhttps://www.communities.gov.uk/documents/corporate/pdf/1832157.pdf _zView this item free of charge at www.communities.gov.uk |
| 942 | _n0 | ||
| 999 |
_c111921 _d111921 |
||